| 000 | 00433nam a22001337a 4500 | ||
|---|---|---|---|
| 999 |
_c534520 _d534520 |
||
| 022 | _a1561-8706 E-2521-005X | ||
| 082 | _aVol- | ||
| 100 |
_aIoBM. _928708 |
||
| 245 |
_aPakistan Business Review : _bAn HEC approved "X" category journal / _cInstitute of business management. |
||
| 260 |
_aKorangi creek, Karachi: _bhttp://pbr.iobm.edu.pk |
||
| 300 | _c25cm. | ||
| 650 |
_aBusiness - Journal, Management - Journal. _928709 |
||
| 942 | _cCR | ||